XXV Congreso Argentino de la Ciencia del Suelo ordenamiento territorial : un desafío para la ciencia del suelo. Trabajos de investigación /

Guardado en:
Autores Corporativos: Congreso Argentino de la Ciencia del Suelo Río Cuarto, Córdoba), Asociación Argentina de la Ciencia del Suelo.
Otros Autores: Cholaky, Carmen Gloria., Cisneros, José M.
Formato: Electrónico
Idioma:Spanish
Publicado: Río Cuarto : UniRío editora, 2016.
Materias:
Acceso en línea:Acceso a texto completo
Etiquetas: Agregar Etiqueta
Sin Etiquetas, Sea el primero en etiquetar este registro!
LEADER 01342nmm a22002775a 4500
001 EEA.libagro010934
008 171227s2016####ag##################spa
005 20210220162210.0
245 1 0 |a XXV Congreso Argentino de la Ciencia del Suelo  |h [recurso electrónico] :  |b ordenamiento territorial : un desafío para la ciencia del suelo.  |p Trabajos de investigación /  |c Carmen G. Cholaky, José M. Cisneros (compiladores). 
260 |a Río Cuarto :  |b UniRío editora,  |c 2016. 
300 |a 1 recurso en línea (paginación variada) 
336 |a text  |b txt  |2 rdacontent 
337 |a computer  |b c  |2 rdamedia 
338 |a online resource  |b cr  |2 rdacarrier 
500 |a Título tomado de www.unrc.edu.ar (visto el 27 de diciembre de 2017). 
500 |a Actas de Congreso. 
533 |a Reproducción electrónica. 
538 |a Modo de acceso: World Wide Web. 
020 |a 9789876881739 
111 2 |a Congreso Argentino de la Ciencia del Suelo  |n (25 :  |d 27 de junio al 1 de julio de 2016 :  |c Río Cuarto, Córdoba) 
700 1 |a Cholaky, Carmen Gloria. 
700 1 |a Cisneros, José M. 
710 2 |a Asociación Argentina de la Ciencia del Suelo. 
650 7 |a Ciencia del suelo  |x Conferencias  |2 agrovoc 
655 4 |a Libros electrónicos 
856 4 0 |3 Acceso a texto completo  |u https://www.unrc.edu.ar/unrc/comunicacion/editorial/repositorio/978-987-688-173-9.pdf